Berlitz Basic German Dictionary /
Đã lưu trong:
| Hovedforfatter: | |
|---|---|
| Format: | Bog |
| Sprog: | Vietnamese |
| Udgivet: |
New York :
Berlitz ,
1957
|
| Fag: | |
| Tags: |
Tilføj Tag
Ingen Tags, Vær først til at tagge denne postø!
|
| Thư viện lưu trữ: | Thư viện Trường CĐ Kỹ Thuật Cao Thắng |
|---|
| LEADER | 00570nam a2200181 a 4500 | ||
|---|---|---|---|
| 001 | TVCDKTCT1815 | ||
| 003 | Thư viện trường Cao đẳng Kỹ thuật Cao Thắng | ||
| 005 | 20050810000000 | ||
| 008 | 050810 | ||
| 980 | \ | \ | |a Thư viện Trường CĐ Kỹ Thuật Cao Thắng |
| 024 | |a RG_1 #1 eb0 i1 | ||
| 041 | 0 | # | |a vie |
| 082 | # | # | |a 423 / |b Ed300-b |
| 100 | 1 | # | |a The Editorial Staff |
| 245 | 0 | 0 | |a Berlitz Basic German Dictionary / |c The Editorial Staff |
| 260 | # | # | |a New York : |b Berlitz , |c 1957 |
| 300 | # | # | |a 292tr. ; |c 10cm |
| 650 | # | 4 | |a Từ điển Anh--Đức |